000
00456nam a2200145Ia 4500
008
100122s9999 xx 000 0 und d
082
_b
16296
_a
822
100
_a
खरे सुरेश
245
_a
कांचेचा चंद्र
260
_b
जोशी ब्र बु.अॅ.पब्लि
_c
1970
300
_a
80
630
_a
कांचेचा चंद्र
730
_a
कांचेचा चंद्र
942
_c
BOOK
999
_c
406251
_d
406248